000 00991nam a2200277 4500
003 EG-GICUC
005 20260121101207.0
008 251110s1950 ua ||||fr|||| 00| 0 ara d
040 _a EG-GICUC
_bara
_c EG-GICUC
_d EG-GICUC
_erda
041 0 _aara
082 0 4 _221
_a341.83
_bج م . ا
092 0 4 _221
099 _aLaw1 12 341.83 ج م . ا 1950
100 0 _aجميل خانكى
_eمؤلف.
245 1 2 _aالأحوال الشخصية للأجانب فى مصر /
_cجميل خانكى.
264 _aالقاهرة :
_bالمطبعة العصرية،
_c1950.
300 _a؛361 صفحة
_c24 سم
336 _2rda content
_atext
337 _2rda media
_aComputer
338 _2rda carrier
_aOnline Resource
546 _aالنص أغلبه باللغة العربية مع بعض النصوص الفرنسية
650 1 _aالأجانب
_x قانون دولي
856 4 0 _uhttps://fll.law.cu.edu.eg/fulltext/bks/B12-00830.pdf
905 _a75
942 _2ddc
_n0
_cBK
_e21
999 _c42361
_d42361